Los renglones torcidos de la ciencia : de la antimateria a la medicina moderna /

Bibliographic Details
Main Author: Fernández Aguilar, Eugenio Manuel, 1976- (Author)
Format: Electronic eBook
Language:Spanish
Published: Barcelona : Antoni Bosch editor, [2020]
Subjects:
Online Access:Digitalia Hispánica

MARC

LEADER 00000nam a2200000Ii 4500
001 DIGANBSCH0030
003 NyNyDIG
006 m o d
007 cr |||||||||||
008 240103s2020 sp a ob 000 0 spa d
035 |a (OCoLC)1417821202 
040 |a DGITA  |b eng  |e rda  |e pn  |c DGITA 
020 |a 9788494997990  |q eBook 
020 |z 9788494997921 
050 1 4 |a Q162 ebook 
100 1 |a Fernández Aguilar, Eugenio Manuel,  |d 1976-  |e author. 
245 1 4 |a Los renglones torcidos de la ciencia :  |b de la antimateria a la medicina moderna /  |c Eugenio Manuel Fernández Aguilar. 
264 1 |a Barcelona :  |b Antoni Bosch editor,  |c [2020] 
300 |a 1 online resource :  |b illustrations. 
336 |a text  |b txt  |2 rdacontent 
337 |a computer  |b c  |2 rdamedia 
338 |a online resource  |b cr  |2 rdacarrier 
347 |a text file  |2 rdaft 
347 |b EPUB 
504 |a Includes bibliographical references. 
588 0 |a Online resource; title from ePub title page (Digitalia, viewed January 3, 2024) 
650 0 |a Science. 
791 2 |a Digitalia (Firm),  |e distributor. 
793 0 |g Digitalia eBook Collection:  |a Antoni Bosch Editor 
776 0 8 |i Print version:  |a Fernández Aguilar, Eugenio Manuel, 1976-  |t Renglones torcidos de la ciencia.  |d Barcelona : Antoni Bosch editor, [2020]  |z 9788494997921 
856 4 0 |3 Digitalia Hispánica  |u https://www.digitaliapublishing.com/a/98901/ 
910 |a Premium collection: 2024